101 QUESTIONS AND ANSWERS ABOUT HI-FI AD STEREO (Record no. 584619)
[ view plain ]
| 000 -LEADER | |
|---|---|
| fixed length control field | 00285nam a22001097a 4500 |
| 082 ## - DEWEY DECIMAL CLASSIFICATION NUMBER | |
| Classification number | 621.3823 SAN'O |
| 100 ## - MAIN ENTRY--PERSONAL NAME | |
| Personal name | SACHUNAMAN, F,SANDS, LES G |
| 9 (RLIN) | 79596 |
| 245 ## - TITLE STATEMENT | |
| Title | 101 QUESTIONS AND ANSWERS ABOUT HI-FI AD STEREO |
| 260 ## - PUBLICATION, DISTRIBUTION, ETC. | |
| Place of publication, distribution, etc. | ENGLAND |
| Name of publisher, distributor, etc. | W. FOULSHAM |
| Date of publication, distribution, etc. | 1970 |
| 300 ## - PHYSICAL DESCRIPTION | |
| Extent | 128P |
| 942 ## - ADDED ENTRY ELEMENTS (KOHA) | |
| Koha item type | Book |
| Withdrawn status | Lost status | Damaged status | Not for loan | Permanent Location | Current Location | Shelving location | Date acquired | Total Checkouts | Full call number | Barcode | Date last seen | Price effective from | Koha item type |
|---|---|---|---|---|---|---|---|---|---|---|---|---|---|
| College of Electrical & Mechanical Engineering (CEME) | College of Electrical & Mechanical Engineering (CEME) | General Stacks | 07/04/2017 | 621.3823 SAN'O | CEME-6438 | 06/28/2021 | 06/28/2021 | Book |
